|
|
|
|
| LEADER |
02264nam a2200613 i 4500 |
| 001 |
nkc20203219069 |
| 003 |
CZ PrNK |
| 005 |
20200707071137.0 |
| 007 |
ta |
| 008 |
200519s2020 xr a f 000 0 cze |
| 015 |
|
|
|a cnb003219069
|
| 020 |
|
|
|a 978-80-7416-362-3
|q (brožováno)
|
| 035 |
|
|
|a (OCoLC)1200246916
|
| 040 |
|
|
|a BOA001
|b cze
|d ABA001
|e rda
|
| 041 |
0 |
|
|a cze
|b cze
|b eng
|
| 043 |
|
|
|a e-xr---
|
| 045 |
|
|
|a y1y2
|
| 072 |
|
7 |
|a 378
|x Vysoké školy
|2 Konspekt
|9 22
|
| 080 |
|
|
|a 37.011.3-052-054.68
|2 MRF
|
| 080 |
|
|
|a 378.011.3-052
|2 MRF
|
| 080 |
|
|
|a 364-786
|2 MRF
|
| 080 |
|
|
|a 316:303
|2 MRF
|
| 080 |
|
|
|a (437.3)
|2 MRF
|
| 080 |
|
|
|a (047.31)
|2 MRF
|
| 100 |
1 |
|
|a Schebelle, Danica
|7 jo2013753436
|4 aut
|
| 245 |
1 |
0 |
|a Studenti veřejných vysokých škol z třetích zemí studující v českém jazyce na území Hlavního města Prahy /
|c Danica Schebelle, Jan Kubát, Jan Hraba
|
| 250 |
|
|
|a 1. vydání
|
| 264 |
|
1 |
|a Praha :
|b VÚPSV, v.v.i.,
|c 2020
|
| 300 |
|
|
|a 109, 5 stran :
|b barevné ilustrace ;
|c 30 cm
|
| 336 |
|
|
|a text
|b txt
|2 rdacontent
|
| 337 |
|
|
|a bez média
|b n
|2 rdamedia
|
| 338 |
|
|
|a svazek
|b nc
|2 rdacarrier
|
| 504 |
|
|
|a Obsahuje bibliografii a bibliografické odkazy
|
| 546 |
|
|
|a České a anglické resumé
|
| 648 |
|
7 |
|a 2011-2020
|7 ch460589
|2 czenas
|
| 650 |
0 |
7 |
|a zahraniční studenti
|7 ph127524
|2 czenas
|
| 650 |
0 |
7 |
|a vysokoškolští studenti
|7 ph127281
|2 czenas
|
| 650 |
0 |
7 |
|a sociální integrace
|7 ph125789
|z Česko
|2 czenas
|
| 650 |
0 |
7 |
|a sociologický výzkum
|7 ph125750
|z Česko
|y 2011-2020
|2 czenas
|
| 650 |
0 |
9 |
|a foreign students
|2 eczenas
|
| 650 |
0 |
9 |
|a college students
|2 eczenas
|
| 650 |
0 |
9 |
|a social integration
|z Czechia
|2 eczenas
|
| 650 |
0 |
9 |
|a sociological research
|z Czechia
|y 2011-2020
|2 eczenas
|
| 655 |
|
7 |
|a výzkumné zprávy
|7 fd131869
|2 czenas
|
| 655 |
|
9 |
|a research reports
|2 eczenas
|
| 700 |
1 |
|
|a Kubát, Jan
|7 jo2016902041
|4 aut
|
| 700 |
1 |
|
|a Hraba, Jan
|4 aut
|
| 856 |
4 |
|
|u http://praha.vupsv.cz/fulltext/vz_471.pdf
|y Publikace online
|4 N
|
| 910 |
2 |
|
|a BOA001
|b 4-1447.193
|
| 928 |
9 |
|
|a Výzkumný ústav práce a sociálních věcí
|
| 990 |
|
|
|a BK
|
| 995 |
|
|
|a 01
|
| 991 |
|
|
|b 202006
|c NOV
|
| 996 |
6 |
|
|b 2610825611
|c 4-1447.193
|l MZK
|r Sklad / do 1 hodiny
|n 1
|p p.v.
|w 001803958
|u 000010
|a 1
|e BOA001
|j MZK50
|s P
|